ARRUPE JESUIT UNIVERSITY

CORONAVIRUS -STOP THE SPREAD - CLEAN,DISINFECT,COVER

God as the mystery of the world : (Record no. 131327)

MARC details
000 -LEADER
fixed length control field 00993pam a2200277 a 4500
001 - CONTROL NUMBER
control field 4713443
003 - CONTROL NUMBER IDENTIFIER
control field ARRUPE
005 - DATE AND TIME OF LATEST TRANSACTION
control field 20220421095747.0
008 - FIXED-LENGTH DATA ELEMENTS--GENERAL INFORMATION
fixed length control field 830110s1983 miu b 001 0 eng
010 ## - LIBRARY OF CONGRESS CONTROL NUMBER
LC control number 83001432
020 ## - INTERNATIONAL STANDARD BOOK NUMBER
International Standard Book Number 0802835864
040 ## - CATALOGING SOURCE
Original cataloging agency DLC
Transcribing agency DLC
Modifying agency DLC
041 1# - LANGUAGE CODE
Language code of text/sound track or separate title eng
Language code of original and/or intermediate translations of text ger
050 00 - LIBRARY OF CONGRESS CALL NUMBER
Classification number BT102
Item number .J8313 1983
082 00 - DEWEY DECIMAL CLASSIFICATION NUMBER
Classification number 231
Edition number 19
300 ## - PHYSICAL DESCRIPTION
Dimensions 24 cm.
100 1# - MAIN ENTRY--PERSONAL NAME
Personal name Jüngel, Eberhard.
9 (RLIN) 51381
240 10 - UNIFORM TITLE
Uniform title <a href="Gott als Geheimnis der Welt.">Gott als Geheimnis der Welt.</a>
Language of a work English
245 10 - TITLE STATEMENT
Title God as the mystery of the world :
Remainder of title on the foundation of the theology of the crucified one in the dispute between theism and atheism /
Statement of responsibility, etc by Eberhard Jüngel ; translated by Darrell L. Guder.
260 ## - PUBLICATION, DISTRIBUTION, ETC. (IMPRINT)
Place of publication, distribution, etc Grand Rapids, Mich. :
Name of publisher, distributor, etc Eerdmans,
Date of publication, distribution, etc c1983.
300 ## - PHYSICAL DESCRIPTION
Extent xvi, 414 p. ;
500 ## - GENERAL NOTE
General note Translation of: Gott als Geheimnis der Welt.
504 ## - BIBLIOGRAPHY, ETC. NOTE
Bibliography, etc Includes bibliographical references and indexes.
650 #0 - SUBJECT ADDED ENTRY--TOPICAL TERM
Topical term or geographic name as entry element God (Christianity)
906 ## - LOCAL DATA ELEMENT F, LDF (RLIN)
a 7
b cbc
c orignew
d 1
e ocip
f 19
g y-gencatlg
942 ## - ADDED ENTRY ELEMENTS (KOHA)
Source of classification or shelving scheme Library of Congress Classification
Koha item type Monograph ( Printed materials)
Holdings
Withdrawn status Lost status Source of classification or shelving scheme Damaged status Not for loan Collection code Home library Current library Shelving location Date acquired Total Checkouts Full call number Barcode Date last seen Price effective from Koha item type
    Library of Congress Classification     Main Collection ARRUPE LIBRARY ARRUPE LIBRARY Main Collection 21/04/2022   BT102 .J8313 1983 46600008703 21/04/2022 21/04/2022 Monograph ( Printed materials)

 

Arrupe Library. PO Box MP320 Mt Pleasant, Harare, Zimbabwe
263 242 745411|librarian@aju.ac.zw